000 00564nmm a2200193Ia 4500
008 251105s9999||||xx |||||||||||||||||und||
020 _a9788433980540
041 _aspa
100 _aRovira, Gemma
245 0 _aCómo ser famosa
264 _a[Madrid, España] :
_bEditorial Anagrama,
_c[Fecha de publicación no identificada]
300 _a0 páginas
490 _aPanorama de narrativas
650 _aSpanish narrative
700 _aRovira, Gemma
700 1 _a Moran, Caitlin
856 _uhttps://public.digitaliapublishing.com/a/79994
942 _cCF
999 _c70797
_d70797